[Event "4th ChessMates Murmansk 2020"]
[Site "Murmansk"]
[Date "2020.03.15"]
[Round "5.22"]
[White "Vlachos, Anatole"]
[Black "Klukin, Kirill"]
[Result "1-0"]
[WhiteElo "2403"]
[BlackElo "2304"]
[Annotator "TA"]
[PlyCount "111"]
[EventDate "2020.03.13"]
[EventType "team-tourn"]
[EventCountry "RUS"]
[SourceTitle "playchess.com"]
[Source "ChessBase"]
[SourceQuality "1"]

{[%evp 16,111,10,0,27,19,50,37,58,53,62,75,77,44,56,56,54,38,41,48,92,93,101,50,71,70,153,80,46,59,98,8,25,0,352,363,466,456,449,439,360,-29,233,-216,-84,-135,-131,-185,-185,-287,-262,-430,-309,-248,0,0,0,0,0,0,161,104,134,101,173,177,176,180,170,155,177,168,242,166,360,335,306,87,177,175,233,213,342,336,570,571,544,578,542,458,428,409,29986,29987,29987,29988,29988,29989]} 1. c4 e5 2. g3 Nf6 3. Bg2 d5 4. cxd5 Nxd5 5. Nc3 Nb6 6. Nf3 Nc6 7. O-O Be7 8. Rb1 O-O 9. b4 Bf5 {A29: English Opening: Four Knights Variation with 4 g3.} 10. b5 Nd4 {Strongly threatening ...Bc2.} 11. d3 Nxf3+ {White is slightly better.} 12. Bxf3 Qc8 13. Be3 Rd8 {[#]} 14. Qc1 $146 ({Predecessor:} 14. a4 a5 15. bxa6 Rxa6 16. Qb3 Be6 17. Qb5 c6 18. Qb2 Nxa4 19. Nxa4 Rxa4 20. Qxb7 {1-0 (40) Czebe,A (2477)-Horvath,A (2532) Harkany 2004}) 14... Bg4 15. Bh1 a5 16. bxa6 Rxa6 17. Rb5 Bd7 18. Rxe5 Bf6 19. Rc5 (19. Rh5 $16) 19... Be7 20. Rh5 c6 (20... Bc6 $14) 21. Bg5 (21. Be4 $142 f5 22. Bxb6 Rxb6 23. Qe3 fxe4 24. Qxb6) 21... f6 $16 22. Be3 $36 {[%mdl 2048] White has the initiative.} Na4 23. Ne4 (23. Nxa4 $16 Rxa4 24. Qc2) 23... Bg4 $11 {[%mdl 64] Double Attack} 24. Rh4 $1 Bxe2 $2 {[%mdl 8192]} (24... Qd7 $11) 25. Qc4+ $1 $18 Kh8 26. Qf7 Rd7 (26... Bxf1 27. Qg6 h5 28. Rxh5+ Kg8 29. Rh7 $1 {[%mdl 512]} Qg4 30. Rxg7+ Kh8 31. Rh7#) 27. Re1 $1 (27. Qg6 Qg8 $14) 27... Bxd3 {[#]} 28. Bc1 $2 (28. Bc5 $1 $18 {[%mdl 512]} Qg8 (28... Nxc5 29. Nxc5) 29. Rxh7+ $3 {[%mdl 576] Deflection} Qxh7 30. Qe8+ {[%mdl 64] Double Attack} Qg8 31. Qxd7 Nxc5 32. Nxc5 Bxc5 33. Re8 Bxf2+ 34. Kxf2 Rxa2+ 35. Kf3 Qxe8 36. Qxe8+ Kh7 37. Qd7) 28... c5 $2 {[%mdl 8192]} (28... Ra8 $1 $11) 29. Nd2 $4 {[%mdl 8192]} ({Wrong is} 29. Rg4 $2 Qg8 $19) (29. Bg2 $18 {avoids the disaster.} Qf8 30. Qg6) 29... Qf8 (29... Qg8 $19 {has better winning chances.} 30. Bd5 Rxd5 31. Qxe7 b5) 30. Qh5 (30. Qb3 $142 c4 31. Nxc4) 30... Qg8 $17 31. Re3 (31. Be4 $17 {was necessary.} Re6 32. Re3 Bxe4 33. Rhxe4 Rxe4 34. Nxe4) 31... g6 $1 $19 {[%cal Rg6h5]} 32. Qf3 (32. Qd1 $142 b5 33. Qe1) 32... c4 33. Qd1 $2 (33. Bg2 {might work better.}) 33... Nc3 34. Qe1 Ne2+ $2 ({Not} 34... Nxa2 35. Rxe7 Rxe7 36. Qxe7 $11) (34... Qd8 $19 35. Nf1 Bxf1 36. Qxc3 Bd3) 35. Rxe2 $11 Bxe2 36. Qxe2 c3 37. Nb3 Re6 $2 (37... Rxa2 $1 $11 38. Qxa2 Rd1+ 39. Kg2 Qd5+ 40. f3 Qb5) 38. Re4 (38. Be3 $18) 38... Rxe4 $16 39. Bxe4 Qe6 {[#]} (39... f5 $16 40. Bc2 Bf6) 40. Qf3 $1 $18 b5 41. Be3 b4 42. h4 Qe5 43. Bc2 Kg7 (43... Rd5 $142 44. Nc1 Rd7) 44. Qc6 Rc7 $2 (44... Qd5 45. Qxd5 Rxd5) 45. Qa8 {aiming for h5!} Rd7 {[#]} 46. Be4 $2 (46. h5 $1 $18 {[%mdl 512] is more deadly.} gxh5 (46... Qxh5 47. Nd4) 47. Qc8) 46... Rd8 (46... Rd1+ $16 {keeps fighting.} 47. Kg2 Re1) 47. Qb7 Rb8 (47... Rd1+ $142 48. Kg2 Rd8) 48. Qc6 Qd6 (48... Qb5 $142 49. Qc7 Qe5) 49. Qc4 Rd8 $2 (49... Re8 50. Bf4 Qd1+ 51. Kg2 Qd8) 50. Nd4 Kh8 {[#]} 51. h5 $1 {[%mdl 512]} Qc5 (51... gxh5 52. Qf7) 52. Qe6 Qe5 53. hxg6 Rxd4 {[#]} (53... hxg6 $18 54. Qc6 (54. Bxg6 Qxe6 55. Nxe6 Ra8 $11) 54... Bc5) 54. Qh3 $1 {[%csl Ge4,Gg6][%cal Rh3h7][%mdl 512] White mates.} Rd1+ 55. Kh2 {[%csl Ge4,Gg6][%cal Rh3h7]} h5 56. Bf5 {Accuracy: White = 55%, Black = 38%.} 1-0

[Event "4th ChessMates Murmansk 2020"]
[Site "Murmansk"]
[Date "2020.03.15"]
[Round "5.23"]
[White "Golikov, Daniil"]
[Black "Rachid, Alexandre"]
[Result "1-0"]
[WhiteElo "2229"]
[BlackElo "2099"]
[Annotator "TA"]
[PlyCount "97"]
[EventDate "2020.03.13"]
[EventType "team-tourn"]
[EventCountry "RUS"]
[SourceTitle "playchess.com"]
[Source "ChessBase"]
[SourceQuality "1"]

{[%evp 18,97,5,10,18,0,0,-3,0,0,-6,-39,33,39,105,31,41,29,38,38,104,72,72,58,60,60,67,61,60,61,55,50,69,51,144,147,210,174,189,173,306,293,481,285,581,554,504,413,413,416,796,915,858,775,888,678,826,531,843,829,29987,2741,5302,5097,4133,4132,29979,29983,29983,29984,29990,29991,29991,29989,29995,29996,29996,29997,29997,29998,29999,29999]} 1. d4 Nf6 2. c4 e6 3. Nf3 d5 4. Nc3 Bb4 5. cxd5 exd5 6. Qa4+ Nc6 7. Bg5 O-O 8. e3 h6 9. Bxf6 Qxf6 10. Rc1 a6 {D38: Queen's Gambit Declined: Ragozin Defence (4 Nf3 Bb4).} 11. Bd3 {[#]} Bg4 $146 ({Predecessor:} 11... Rd8 12. O-O Bf8 13. Qb3 Qd6 14. Na4 Rb8 15. Nc5 b6 16. Na4 Bb7 17. a3 g6 18. Qc2 {1-0 (35) Dreev,A (2670)-Piket,J (2570) Monte Carlo 1996}) 12. Nd2 Rfe8 {White must now prevent ...Qxd4.The position is equal.} 13. O-O Bd6 14. Qb3 {[#]} Qh4 (14... Nxd4 $1 $15 {[%mdl 512]} 15. Qxb7 (15. exd4 Qf4) 15... c6 16. exd4 Reb8 17. Qxb8+ Bxb8) 15. g3 $14 Qh3 ({Black should play} 15... Qd8 $1 $14) 16. Rfe1 (16. Qxd5 $2 Nb4 $19) (16. Nxd5 $16 Be6 17. Be4) 16... Be6 17. Na4 Ne7 18. Nc5 Nf5 (18... Rab8 $14) 19. Bf1 ({But not} 19. Nxb7 $6 Reb8 $11) 19... Qh5 20. Qxb7 Reb8 $1 {[%cal Rb8b7]} 21. Qc6 Ne7 22. Qa4 $36 {[%mdl 2048] White fights for an advantage.} Rxb2 23. Rc2 Rxc2 24. Qxc2 Bf5 25. Qc3 Rb8 {White leaves nothing to chance now.} (25... a5 $14) 26. Nxa6 $16 Rb6 (26... Ra8 $16 27. a4 Bh3) 27. Nc5 Bh3 28. a4 Bxc5 (28... Bxf1 {is a better defense.} 29. Rxf1 Qh3) 29. Qxc5 $18 Rb2 $2 (29... Bxf1 30. Rxf1 (30. Qxe7 Bh3 $16) 30... Ng6 31. Qxc7 Rb2) 30. Qxe7 (30. Bxh3 $142 Qxh3 31. Qxe7) 30... Rxd2 $2 (30... Bxf1 {keeps fighting.} 31. Rxf1 (31. Nxf1 Qf5 $16) 31... Rxd2 32. Qxc7 Qf5 33. Qb8+ Kh7) 31. Bxh3 Qxh3 {[%mdl 4096] Endgame KQR-KQR} 32. Qd8+ Kh7 33. Qxd5 f5 (33... Kg6 $142 34. a5 Qf5 35. Qxf5+ Kxf5) 34. a5 {[%cal Ba4a5,Ba5a6][%mdl 32]} c6 35. Qxc6 Ra2 36. a6 Qh5 37. Qb7 Qe8 38. Rc1 f4 39. Rc7 (39. Qb1+ $142 Kh8 40. Qxa2 Qf8 41. a7 fxe3 42. a8=Q Qxa8 43. Qxa8+ Kh7 44. fxe3) 39... Qg6 40. exf4 Rxa6 {[#]} 41. f5 $1 Ra1+ (41... Qxf5 42. Rxg7+) 42. Kg2 {White mates.} Qf6 {[#]} 43. Rf7 $1 Qxd4 44. f6 Kg6 45. Rxg7+ Kxf6 46. Qe7+ Kf5 47. Rf7+ Kg6 48. Qe6+ Kg5 49. Rf5+ {Accuracy: White = 66%, Black = 43%.} 1-0

[Event "4th ChessMates Murmansk 2020"]
[Site "Murmansk"]
[Date "2020.03.15"]
[Round "5.24"]
[White "Hasseine, Madiane"]
[Black "Vetrov, Ivan"]
[Result "1-0"]
[WhiteElo "2163"]
[BlackElo "1799"]
[Annotator "TA"]
[PlyCount "65"]
[EventDate "2020.03.13"]
[EventType "team-tourn"]
[EventCountry "RUS"]
[SourceTitle "playchess.com"]
[Source "ChessBase"]
[SourceQuality "1"]

{[%evp 9,65,24,14,14,17,19,20,23,35,35,35,2,1,-15,-14,-22,-21,-21,-18,-34,-26,-87,29,43,35,0,0,0,7,17,16,17,24,25,17,30,35,20,77,82,130,131,159,161,159,153,223,191,418,416,427,414,542,545,537,532,470,417]} 1. e4 c6 2. d4 d5 3. e5 c5 4. dxc5 e6 5. Nf3 Bxc5 6. a3 {B12: Caro-Kann: Advance Variation.} Ne7 7. b4 Bb6 8. Bb2 {The position is equal.} Nbc6 9. Bd3 Ng6 10. Bxg6 {[#]} fxg6 $146 ({Predecessor:} 10... hxg6 11. O-O f6 12. Qd3 Kf7 13. c4 dxc4 14. Qxc4 Qd5 15. Qf4 Rh5 16. exf6 Rf5 {1-0 (27) Grekh,A (2347)-Hiller,S (2176) Pardubice 2016}) 11. O-O O-O 12. Nbd2 g5 13. h3 h5 {Strongly threatening ...g4.} 14. b5 Na5 15. Nd4 {[#]} (15. Bd4 $11) 15... Nc4 (15... g4 $1 $17 {[%mdl 512]} 16. hxg4 Qh4) 16. Nxc4 $11 dxc4 17. Ne2 Bd7 18. a4 Be8 19. Bd4 Bg6 20. Bxb6 Qxb6 21. Nd4 a5 22. c3 Rf4 23. g3 Re4 {[#]} (23... Rxd4 $1 $11 24. Qxd4 (24. cxd4 Bd3 $14) 24... Qxd4 25. cxd4 c3) 24. Re1 $1 $36 {[%cal Re1e4][%mdl 2048] Black must now prevent Rxe4. White is in control.} Rxe1+ 25. Qxe1 h4 26. Qe3 hxg3 27. Qxg3 Qd8 (27... Be4 $16 28. Qxg5 Rf8) 28. Nxe6 $18 Qe7 $2 (28... Qd3 29. Nxg5 (29. Qxg5 Re8 $16) 29... Qxg3+ 30. fxg3 Re8) 29. Nxg5 Rd8 30. Qf4 Rd5 31. Re1 {White is clearly winning.} Bd3 32. h4 Rd8 33. Qg4 {Accuracy: White = 84%, Black = 63%.} 1-0

[Event "4th ChessMates Murmansk 2020"]
[Site "Murmansk"]
[Date "2020.03.15"]
[Round "5.25"]
[White "Zhuravlev, Aleksandr"]
[Black "Meillon, Judicael"]
[Result "1/2-1/2"]
[WhiteElo "2059"]
[BlackElo "2162"]
[Annotator "TA"]
[PlyCount "86"]
[EventDate "2020.03.13"]
[EventType "team-tourn"]
[EventCountry "RUS"]
[SourceTitle "playchess.com"]
[Source "ChessBase"]
[SourceQuality "1"]

{[%evp 17,86,42,53,45,66,62,57,64,60,60,61,58,64,71,91,99,91,101,126,122,122,131,154,83,116,97,137,128,171,106,132,122,143,104,162,170,173,168,182,169,188,140,168,152,180,173,189,241,357,57,81,103,107,102,264,219,1094,0,0,0,88,0,0,0,0,0,12,0,0,0,92]} 1. e4 d6 2. d4 Nf6 3. Nc3 e5 4. Nf3 Nbd7 5. Bc4 Be7 6. O-O O-O 7. Re1 c6 8. a4 Qc7 9. h3 b6 10. Ba2 {C41: Philidor Defence.} a6 11. Be3 {[#]} b5 $146 ({Predecessor:} 11... Bb7 12. Qd3 exd4 13. Bxd4 Ne5 14. Qe3 Nfd7 15. Ne2 Bf6 16. Nxe5 dxe5 17. Bc3 a5 18. Bc4 Nc5 19. Nc1 Rfe8 20. Nd3 Ne6 21. Qg3 Nf8 22. Rad1 Ng6 23. Qf3 {½-½ (23) Hracek,Z (2594)-Vajda,L (2596) Hungary 2016}) 12. axb5 {White is slightly better.} cxb5 13. Nxb5 axb5 {[#]} 14. Bxf7+ $1 {[%mdl 512]} Rxf7 15. Rxa8 Nb6 16. Rxc8+ $1 Nxc8 17. Ng5 h6 18. Nxf7 Kxf7 19. Qd3 Qb7 20. Bd2 ({White should try} 20. Qb3+ Kg6 21. f3) 20... Kg8 21. b3 Kh8 22. Kh1 Nd7 {[#]} 23. f4 (23. d5 $1 $18) 23... Bf6 24. c3 Ne7 25. Be3 b4 (25... Bh4 $16 26. Rf1 exf4 27. Bxf4 (27. Rxf4 Bf6 $16) 27... Qc6) 26. fxe5 $18 dxe5 27. d5 bxc3 28. Qxc3 Bh4 29. Rc1 Nf6 30. Qc4 {And now b4 would win.} ({Don't do} 30. Qxe5 Ng6 $16) 30... Kh7 {[#]} 31. b4 $1 {[%cal Bb3b4,Bb4b5][%mdl 32]} Ng6 32. b5 Nh5 (32... Bg5 $142) 33. Kg1 $2 (33. b6 $18 {Black must now prevent Qc8.} Be7 34. Qc6) 33... Bg5 34. Bxg5 hxg5 35. Kh2 {Strongly threatening Qb3.} Nh4 $2 (35... Nf6 $16 36. Qc6 Qf7) 36. Qf1 Qb6 $2 (36... Qa7 37. d6 Nf4) 37. Re1 $2 (37. Qf7 $18 Nf4 38. Rc7) 37... Qd4 $11 38. g3 Ng6 (38... Qd2+ $1 $11 39. Re2 Qd3 40. gxh4 Ng3) 39. Qf3 (39. Qe2 $16 Nf6 40. Rc1) 39... Nf6 $1 {The position is equal.} 40. Qe3 {Qxd4 is the strong threat.} Qb4 41. Qe2 Kh6 42. Kg2 Nh5 43. Qe3 {Threatens to win with h4.} Qxb5 {Blacks defense is rewarded with a draw. Accuracy: White = 69%, Black = 50%.} (43... Nh8 $1 $11 {remains equal.}) 1/2-1/2

[Event "4th ChessMates Murmansk 2020"]
[Site "Murmansk"]
[Date "2020.03.15"]
[Round "5.26"]
[White "Kien, Clovis"]
[Black "Kataev, Aleksandr"]
[Result "0-1"]
[WhiteElo "1765"]
[BlackElo "1978"]
[Annotator "RC"]
[PlyCount "120"]
[EventDate "2020.03.13"]
[EventType "team-tourn"]
[EventCountry "RUS"]
[SourceTitle "playchess.com"]
[Source "ChessBase"]
[SourceQuality "1"]
[TimeControl "5400+30"]

1. d4 {[%emt 0:00:09]} Nf6 {[%emt 0:00:00]} 2. c4 {[%emt 0:00:19]} g6 {[%emt 0:00:00]} 3. Nc3 {[%emt 0:00:05]} Bg7 {[%emt 0:00:00]} 4. e4 {[%emt 0:00:03]} d6 {[%emt 0:00:00]} 5. Nf3 {[%emt 0:00:04]} O-O {[%emt 0:00:00]} 6. Be2 {[%emt 0:00:05]} Na6 {[%emt 0:00:01]} 7. O-O {[%emt 0:03:19]} e5 {[%emt 0:00:13]} 8. Re1 {[%emt 0:04:10]} exd4 {[%emt 0:06:59]} 9. Nxd4 {[%emt 0:01:07]} Nc5 {[%emt 0:00:19]} 10. Bf3 {[%emt 0:03:54]} a5 {[%emt 0:00:20]} 11. Bg5 {[%emt 0:11:15]} h6 {[%emt 0:00:38]} 12. Be3 {[%emt 0:00:32]} Re8 {[%emt 0:01:20]} 13. Qc2 {[%emt 0:03:27]} Bg4 {[%emt 0:02:09]} 14. Bf4 {[%emt 0:06:49]} Bxf3 {[%emt 0:11:25]} 15. Nxf3 {[%emt 0:01:57]} Ng4 {[%emt 0:03:33]} 16. h3 {[%emt 0:07:49]} Ne5 {[%emt 0:00:11]} 17. Nxe5 {[%emt 0:00:12]} dxe5 {[%emt 0:00:06]} 18. Rad1 {[%emt 0:01:10]} Qh4 {[%emt 0:08:49]} 19. Bg3 {[%emt 0:07:38]} Qf6 {[%emt 0:04:54]} 20. Nd5 Qc6 {[%emt 0:00:13]} 21. Bh4 {[%emt 0:06:42]} g5 {[%emt 0:02:12]} 22. Bg3 {[%emt 0:00:02]} Ne6 {[%emt 0:00:11]} 23. Qc3 {[%emt 0:01:57]} Nd4 {[%emt 0:01:31]} 24. b3 {[%emt 0:01:08]} b6 {[%emt 0:05:00]} 25. Qb2 {[%emt 0:09:22]} Ra7 {[%emt 0:04:11]} 26. Ne3 {[%emt 0:05:56]} Qe6 {[%emt 0:04:07]} 27. Ng4 {[%emt 0:04:03]} f6 {[%emt 0:01:26]} 28. Ne3 {[%emt 0:00:24]} a4 {[%emt 0:01:52]} 29. Nc2 {[%emt 0:03:00]} c5 {[%emt 0:02:24]} 30. Nxd4 {[%emt 0:05:07]} cxd4 {[%emt 0:00:40]} 31. Rd3 {[%emt 0:00:49]} Bf8 {[%emt 0:00:22]} 32. Rc1 {[%emt 0:00:36]} axb3 {[%emt 0:00:48]} 33. Rxb3 {[%emt 0:02:21]} Bc5 {[%emt 0:00:09]} 34. f3 {[%emt 0:02:02]} Rea8 {[%emt 0:00:16]} 35. Rd3 {[%emt 0:04:40]} Rxa2 {[%emt 0:00:16]} 36. Qb5 {[%emt 0:00:35]} R8a5 {[%emt 0:00:16]} 37. Qb3 {[%emt 0:00:38]} Qc6 {[%emt 0:00:29]} 38. Be1 {[%emt 0:01:04]} R5a3 {[%emt 0:00:19]} 39. Qd1 {[%emt 0:00:32]} Qa4 {[%emt 0:01:09]} 40. Rxa3 {[%emt 0:00:56]} Qxd1 {[%emt 0:00:20]} 41. Ra8+ {[%emt 0:00:30]} Rxa8 {[%emt 0:00:08]} 42. Rxd1 {[%emt 0:00:02]} Ra2 {[%emt 0:00:11]} 43. Rd2 {[%emt 0:02:20]} Ra1 {[%emt 0:00:48]} 44. Kf1 {[%emt 0:00:29]} Bb4 {[%emt 0:00:14]} 45. Ke2 {[%emt 0:00:22]} Rxe1+ {[%emt 0:01:31]} 46. Kxe1 {[%emt 0:00:27]} Kf7 {[%emt 0:00:04]} 47. Kd1 {[%emt 0:00:14]} Bxd2 {[%emt 0:00:05]} 48. Kxd2 {[%emt 0:00:01]} Ke6 {[%emt 0:00:08]} 49. g4 {[%emt 0:00:03]} Kd6 {[%emt 0:00:05]} 50. Kc2 {[%emt 0:00:31]} Kc5 {[%emt 0:00:08]} 51. Kd3 {[%emt 0:00:13]} Kb4 {[%emt 0:00:06]} 52. h4 {[%emt 0:00:09]} gxh4 {[%emt 0:00:31]} 53. f4 {[%emt 0:00:06]} h3 {[%emt 0:00:11]} 54. g5 {[%emt 0:00:35]} hxg5 {[%emt 0:00:08]} 55. c5 {[%emt 0:00:15]} bxc5 {[%emt 0:00:05]} 56. Ke2 {[%emt 0:00:04]} h2 {[%emt 0:00:08]} 57. Kf3 {[%emt 0:00:03]} h1=Q+ {[%emt 0:00:14]} 58. Kg4 {[%emt 0:00:06]} Qxe4 {[%emt 0:00:19]} 59. Kh5 {[%emt 0:00:03]} Qh7+ {[%emt 0:00:14]} 60. Kg4 {[%emt 0:00:04]} exf4 {[%emt 0:00:12]} 0-1

[Event "4th ChessMates Murmansk 2020"]
[Site "Murmansk"]
[Date "2020.03.15"]
[Round "5.27"]
[White "Poliato, Irina"]
[Black "Gherghinoiu, Lucas"]
[Result "1-0"]
[WhiteElo "1588"]
[BlackElo "2109"]
[Annotator "TA"]
[PlyCount "101"]
[EventDate "2020.03.13"]
[EventType "team-tourn"]
[EventCountry "RUS"]
[SourceTitle "playchess.com"]
[Source "ChessBase"]
[SourceQuality "1"]

{[%evp 23,101,-12,0,-1,11,-4,0,0,0,0,0,0,26,-4,0,0,0,0,0,0,0,0,0,0,0,0,0,0,3,0,0,0,27,3,6,0,0,0,0,-15,614,0,-4,-21,0,-10,0,0,371,362,411,239,426,100,550,547,841,839,839,818,2006,1956,5203,2634,1677,1473,12833,12833,12833,12832,12838,12839,12841,12841,12841,12840,12841,12841,12841,12841]} 1. d4 d5 2. Nf3 Nf6 3. c4 e6 4. Nc3 Be7 5. Bg5 O-O 6. e3 b6 7. Bd3 h6 8. Bh4 Bb7 9. cxd5 Nxd5 10. Bxe7 Qxe7 11. O-O Nxc3 12. bxc3 Nd7 13. Qe2 {[#] D59: Queen's Gambit Declined: Tartakower Defence: Main line (8 cxd5 Nxd5).} Qa3 $146 ({Predecessor:} 13... c5 14. Ba6 Bxa6 15. Qxa6 e5 16. Qb7 Rfb8 17. Qe4 Re8 18. dxe5 Nxe5 19. Nxe5 Qxe5 20. Qxe5 Rxe5 21. Rfd1 Kf8 22. Rd7 Ke8 23. Rad1 {½-½ (24) Saric,K (2194)-Cvitan,E (1947) Zagreb 2016}) 14. Rfc1 c5 15. Nd2 {The position is equal.} cxd4 16. cxd4 Rac8 17. Nc4 Qe7 18. a4 e5 19. dxe5 Nxe5 20. Nxe5 {aiming for f4.} Qxe5 21. Ba6 Rxc1+ 22. Rxc1 Ba8 23. Qc2 Qg5 {[%csl Ga8][%cal Rg5g2]} 24. Bf1 Bb7 25. Qb3 Qe5 26. Rd1 Bc6 27. Rd4 Qc5 28. Bc4 Qg5 {[%csl Gc6][%cal Rg5g2]} 29. Bf1 (29. g3 {looks sharper.} Qf6 30. Bd5 Rc8 31. h4 Bxd5 32. Qxd5 g5 33. Qe4) 29... Rd8 30. Rf4 Bd5 31. Qc2 Bb7 $2 {[%mdl 8192]} (31... Be6 $11) 32. Qb3 $2 (32. Qc7 $18) 32... Qd5 $11 33. Qb4 {Threatening Qe7.} Qd6 {Threatens to win with ...Qxb4.} 34. Qc4 Bd5 35. Qa6 {And now Rd4 would win.} Qg6 $2 {[%mdl 8192] White leaves nothing to chance now.} (35... Qc7 $11 {and Black is okay.}) 36. Rd4 $18 Qg5 37. Qxa7 (37. h4 $142 Qe5 38. Qxa7) 37... Rc8 $2 (37... Bc6 38. h4 (38. Qxb6 Rxd4 39. Qxd4 Qa5 $16) 38... Qf6 39. Qxb6 Rxd4 40. exd4 Bxa4 41. Qxf6 gxf6) 38. Rd1 $2 (38. h4 $18 {is more deadly.} Qe5 39. Qxb6) 38... Rc6 $2 {[%mdl 8192]} (38... Qh5 $16 39. f3 Bb3) 39. Qd7 {White is clearly winning.} Be4 40. Qe8+ {[%mdl 64] [#] Double Attack} Kh7 41. Qxe4+ Rg6 42. Rd6 f5 43. Qc6 Rxd6 44. Qxd6 Qg4 45. Qxb6 Qxa4 46. h3 Qe4 47. Qb5 Qe6 {[#]} 48. Bd3 $1 g6 49. Bc4 Qe7 50. Qd5 {[%csl Gc4][%cal Rd5g8]} Qf8 51. Qf7+ {Accuracy: White = 77%, Black = 59%.} 1-0

[Event "4th ChessMates Murmansk 2020"]
[Site "Murmansk"]
[Date "2020.03.15"]
[Round "5.28"]
[White "Fougerat, Emma"]
[Black "Khmil, Fedor"]
[Result "1/2-1/2"]
[WhiteElo "1668"]
[BlackElo "1470"]
[Annotator "NA RC"]
[PlyCount "58"]
[EventDate "2020.03.13"]
[EventType "team-tourn"]
[EventCountry "RUS"]
[SourceTitle "playchess.com"]
[Source "ChessBase"]
[SourceQuality "1"]
[TimeControl "5400+30"]

1. c4 {[%emt 0:00:00]} e5 {[%emt 0:00:00]} 2. g3 {[%emt 0:00:00]} Nf6 {[%emt 0:00:00]} 3. Bg2 {[%emt 0:00:00]} Nc6 {[%emt 0:00:00]} 4. Nc3 {[%emt 0:00:09]} Bb4 {[%emt 0:00:47]} 5. Nf3 {[%emt 0:01:53]} O-O {[%emt 0:00:56]} 6. O-O {[%emt 0:00:15]} d6 {[%emt 0:05:18]} 7. Rb1 {[%emt 0:04:12]} Be6 {[%emt 0:01:24]} 8. d3 {[%emt 0:00:52]} h6 {[%emt 0:00:28]} 9. Bd2 {[%emt 0:01:34]} Re8 {[%emt 0:02:52]} 10. a3 {[%emt 0:00:57]} Bc5 {[%emt 0:01:42]} 11. b4 {[%emt 0:01:06]} Bb6 {[%emt 0:00:40]} 12. b5 {[%emt 0:02:03]} Ne7 {[%emt 0:00:51]} 13. Na4 {[%emt 0:01:37]} Qd7 {[%emt 0:03:28]} 14. Ra1 {[%emt 0:12:15]} Bh3 {[%emt 0:02:04]} 15. Nxb6 {[%emt 0:00:22]} axb6 {[%emt 0:00:17]} 16. a4 {[%emt 0:00:21]} Bxg2 {[%emt 0:00:07]} 17. Kxg2 {[%emt 0:00:02]} e4 {[%emt 0:07:54]} 18. Nd4 {[%emt 0:03:36]} d5 {[%emt 0:02:28]} 19. Nc2 {[%emt 0:03:37]} exd3 {[%emt 0:03:01]} 20. exd3 {[%emt 0:00:14]} Qf5 {[%emt 0:05:27]} 21. Bc3 {[%emt 0:12:16]} dxc4 {[%emt 0:11:10]} 22. dxc4 {[%emt 0:00:33]} Rad8 {[%emt 0:00:50]} 23. Qc1 {[%emt 0:02:37]} Rd3 {[%emt 0:05:05]} 24. Ne3 {[%emt 0:03:12]} Qe4+ {[%emt 0:02:22]} 25. Kg1 {[%emt 0:03:11]} Ng4 {[%emt 0:06:19]} 26. Nxg4 {[%emt 0:06:58]} Qxg4 {[%emt 0:00:16]} 27. Be5 {[%emt 0:09:11]} c6 {[%emt 0:12:04]} 28. Qf4 {[%emt 0:06:38]} Qh3 {[%emt 0:07:52]} 29. Qe4 {[%emt 0:06:42]} Rd7 {[%emt 0:05:11]} 1/2-1/2